000 00453nam a2200181Ia 4500
003 OSt
005 20260228105313.0
008 210210b1951 xxu||||| |||| 00| 0 eng d
040 _cAL
041 _aHindi
082 _a861/7
100 _aBACHCHAN
_9114843
_dबच्चन
245 _aMadhu bala
_bमधुबाला
260 _aIlahabAd
_bCentral Book Depot
_c1951
690 _aHindi Poetry
_9114844
906 _a023028
942 _2ddc
_cBK
999 _c147915
_d147915